NFL Fantasy Football Top 20 (2024) - Statistics

General Stats
  • This quiz has been taken 348 times
  • The average score is 21 of 80
Answer Stats
League Team % Correct
QB6 Josh Allen
90%
QB12 Patrick Mahomes
90%
QB5 Lamar Jackson
86%
QB14 Joe Burrow
69%
QB7 Jalen Hurts
64%
RB3 Saquon Barkley
64%
QB1 Baker Mayfield
56%
RB20 Derrick Henry
56%
QB4 Jayden Daniels
54%
WR6 Justin Jefferson
54%
QB9 Geno Smith
52%
QB11 C.J. Stroud
51%
WR12 DeVonta Smith
51%
QB20 Aaron Rodgers
49%
RB19 Aaron Jones
47%
QB18 Tua Tagovailoa
45%
QB16 Dak Prescott
44%
QB10 Sam Darnold
44%
QB17 Brock Purdy
43%
QB19 Kirk Cousins
43%
QB3 Kyler Murray
43%
TE3 George Kittle
42%
RB10 Jahmyr Gibbs
41%
QB8 Anthony Richardson
39%
WR17 CeeDee Lamb
39%
WR18 Tyreek Hill
39%
QB2 Derek Carr
38%
QB15 Trevor Lawrence
37%
TE14 Mark Andrews
35%
RB1 Alvin Kamara
33%
QB13 Deshaun Watson
33%
RB11 Joe Mixon
33%
RB13 David Montgomery
32%
RB2 De'Von Achane
31%
RB6 James Cook
30%
WR2 Nico Collins
30%
WR10 Davante Adams
28%
WR20 Mike Evans
26%
WR4 Cooper Kupp
25%
TE5 Hunter Henry
25%
RB18 Kyren Williams
25%
WR1 Chris Godwin
24%
WR14 DK Metcalf
24%
RB15 Bijan Robinson
22%
WR11 Deebo Samuel
22%
RB8 James Conner
22%
RB4 J.K. Dobbins
17%
RB9 Rhamondre Stevenson
17%
WR5 Jayden Reed
16%
TE8 Zach Ertz
14%
WR16 Calvin Ridley
12%
WR3 Malik Nabers
11%
TE2 Brock Bowers
9%
RB5 Breece Hall
7%
TE1 Isaiah Likely
5%
TE4 Trey McBride
5%
RB7 Jordan Mason
4%
WR19 Marvin Harrison Jr.
4%
WR13 Rashee Rice
4%
RB12 Tony Pollard
4%
TE7 Kyle Pitts
3%
TE16 Sam LaPorta
3%
WR15 Zay Flowers
3%
RB14 Brian Robinson Jr.
2%
TE12 Dallas Goedert
2%
TE20 Dalton Kincaid
2%
RB16 Isiah Pacheco
2%
TE13 Jonnu Smith
2%
WR9 Rashid Shaheed
2%
WR8 Alec Pierce
1%
TE10 Foster Moreau
1%
WR7 Jameson Williams
1%
TE6 Mike Gesicki
1%
RB17 Zach Charbonnet
1%
TE11 Chigoziem Okonkwo
0%
TE17 Colby Parkinson
0%
TE15 Elijah Higgins
0%
TE18 Juwan Johnson
0%
TE19 Luke Schoonmaker
0%
TE9 Pat Freiermuth
0%
No matching quizzes found
Score Distribution
Percent of People with Each Score
Percentile by Number Answered
Your Score History
You have not taken this quiz